| 000 | 00758nam a22002177a 4500 | ||
|---|---|---|---|
| 999 |
_c13995 _d13995 |
||
| 003 | AR-CdUCM | ||
| 008 | 190417b ||||| |||| 00| 0 spa d | ||
| 040 |
_aMUNICIPALIDAD PROVINCIAL DEL CUSCO _cBIBLIOTECA MUNICIPAL DEL CUSCO |
||
| 082 |
_aES / 800 / _bV52 |
||
| 100 |
_aVerne, Julio _910153 |
||
| 245 | _aLa isla Misteriosa / | ||
| 260 |
_aBarcelona : _bI.D.A.G., _c1964. |
||
| 300 |
_a221 páginas ; _bIlustraciones, _c21 cm. |
||
| 440 |
_aColección Auriga, serie Azul _932650 |
||
| 505 | _aContenido: Los náufragos del aire -- El hombre abandonado -- El misterio de la isla. | ||
| 650 |
_aNovelas juveniles francesas _932651 |
||
| 650 |
_aSiglo XIX _9971 |
||
| 650 |
_aNovelas de aventuras. _9735 |
||
| 942 |
_2ddc _cLIBROS |
||
| 945 |
_acmm _d2019-04-17 |
||